| 000 | 00723nam a22002057a 4500 | ||
|---|---|---|---|
| 005 | 20141121110819.0 | ||
| 010 | _aENG-111231 | ||
| 020 |
_a9780198092193 _c2395.00 |
||
| 020 |
_a0198092199 _c2395.00 |
||
| 035 | _aEN-94763 | ||
| 037 | _bDBAD/PUB | ||
| 082 | _a386.095409034 | ||
| 100 | _aDewey, Clive | ||
| 245 |
_aSteamboats on the Indus : _cby Clive Dewey _bthe limits of western technological superiority in South Asia / |
||
| 260 |
_aNew Delhi _bOxford University Press _c2014 |
||
| 270 |
_aYMCA Library building, 1 Jai Singh Road _bNew Delhi _e110001 |
||
| 300 |
_axvii, 297p. : _c28cm(Hb) _bill. |
||
| 500 | _aIncludes bibliographical references and index | ||
| 942 |
_2ddc _cEN _mDEW _h386.095409034 |
||
| 999 |
_c90041 _d90041 |
||